US Presidents terms - Statistiques

Statistiques générales
  • Ce quiz a été pris 24 fois
  • Le résultat moyen est 27 sur 46
Statistiques - réponses
Hint Réponse % Correct
John F. Kennedy 1961-1963
89%
Joe Biden 2021-
84%
Herbert Hoover 1929-1933
79%
Franklin D. Roosevelt 1933-1945
79%
Harry S. Truman 1945-1953
79%
Dwight D. Eisenhower 1953-1961
79%
Lyndon B. Johnson 1963-1969
79%
Richard Nixon 1969-1974
79%
Gerald Ford 1974-1977
79%
Jimmy Carter 1977-1981
79%
Ronald Reagan 1981-1989
79%
George H.W. Bush 1989-1993
79%
Bill Clinton 1993-2001
79%
George W. Bush 2001-2009
79%
Barack Obama 2009-2017
79%
Donald Trump 2017-2021
79%
Grover Cleveland 1893-1897
63%
Theodore Roosevelt 1901-1909
63%
William Howard Taft 1909-1913
63%
Calvin Coolidge 1923-1929
63%
Grover Cleveland 1885-1889
58%
Benjamin Harrison 1889-1893
58%
William Mckinley 1897-1901
58%
Woodrow Wilson 1913-1921
58%
Warren G. Harding 1921-1923
58%
Abraham Lincoln 1861-1865
53%
Ulysses S. Grant 1869-1877
53%
Rutherford B. Hayes 1877-1881
53%
James A. Garfield 1881
53%
Chester Alan Arthur 1881-1885
53%
Franklin Pierce 1853-1857
47%
James Buchanan 1857-1861
47%
Andrew Johnson 1865-1869
47%
Millard Fillmore 1850-1853
42%
George Washington 1789-1797
37%
John Adams 1797-1801
37%
Thomas Jefferson 1801-1809
37%
James Madison 1809-1817
37%
James Monroe 1817-1825
37%
John Quincy Adams 1825-1829
37%
Andrew Jackson 1829-1837
37%
Martin Van Buren 1837-1841
37%
William Henry Harrison 1841
37%
John Tyler 1841-1845
37%
James K. Polk 1845-1849
37%
Zachary Taylor 1849-1850
37%
Aucun quiz correspondant
Distribution des résultats
% des personnes avec chaque résultat
Percentile par nombre de réponses
Votre historique - résultats
Vous n’avez pas pris ce quiz